zpět

Detail výsledku týmu

Hotel Sport, Kralupy nad Vltavou

Datum a čas kvízu

29.5 Celkem bodů Celkový počet nahraných bodů na tomto kvízu bez doplňovacích otázek.
12. Pořadí na kvízu Konečné umístění týmu na tomto kvízu.

Zaznamenané odpovědi

# Otázka Odpověď Body Výsledky
1. V úterý byli do pražské zoo př... (lední) medvědi 0
2. Buckinghamský palác odhalil v... D) motýl 0
3. Minulý týden začal režisér Tom... Tři princezny 0
4. Podnikatel Jan Čermák minulý t... TV Barrandov 1
5. Dvacetiletý atlet Tomáš Habart... D) na 3 000 m překážek 0
6. Jména Mnata, Vojen či Vnislav... A 1
7. K Janu Žižkovi se váže jistá p... C 1
8. Před kněžnou Libuší stanuli dv... A 1
9. O hřbitovním kostele sv. Maří... Svatební košile 1
10. Pokud dokážete určit, co tento... Stadice 1